Leistung - Kosten- Ergebnis
Salvato in:
| Natura: | Libro |
|---|---|
| Lingua: | tedesco |
| Pubblicazione: |
Leipzig
VEB Deutscher Verlag für Grundstoffindustrie
1970
|
| Tags: |
Nessun Tag, puoi essere il primo ad aggiungerne!!
|
MARC
| LEADER | 00000nam a2200000 4500 | ||
|---|---|---|---|
| 001 | c121517 | ||
| 005 | 20041019155222.6 | ||
| 041 | 0 | |a ger | |
| 044 | |a DE | ||
| 245 | 1 | 0 | |a Leistung - Kosten- Ergebnis |
| 264 | 1 | |a Leipzig |b VEB Deutscher Verlag für Grundstoffindustrie |c 1970 | |
| 300 | |a 739 s. |e 2 príl. | ||